Fundamentals of classical thermodynamics (Record no. 14470)

000 -LEADER
fixed length control field 00490nam a22001937a 4500
001 - CONTROL NUMBER
control field 14470
003 - CONTROL NUMBER IDENTIFIER
control field BD-DhUET
008 - FIXED-LENGTH DATA ELEMENTS--GENERAL INFORMATION
fixed length control field 150308b xxu||||| |||| 00| 0 eng d
040 ## - CATALOGING SOURCE
Transcribing agency 0
Modifying agency BD-DhUET
082 ## - DEWEY DECIMAL CLASSIFICATION NUMBER
Classification number 536.7
Item number VAN/1985
100 ## - MAIN ENTRY--PERSONAL NAME
Personal name Van Wylen, Gordon J.
245 ## - TITLE STATEMENT
Title Fundamentals of classical thermodynamics
250 ## - EDITION STATEMENT
Edition statement 3rd ed.
260 ## - PUBLICATION, DISTRIBUTION, ETC. (IMPRINT)
Place of publication, distribution, etc. New York
Name of publisher, distributor, etc. John Wiley & Sons
Date of publication, distribution, etc. 1985
300 ## - PHYSICAL DESCRIPTION
Extent xiv, 722 p.
650 #0 - SUBJECT ADDED ENTRY--TOPICAL TERM
Topical term or geographic name as entry element Thermodynamics
700 ## - ADDED ENTRY--PERSONAL NAME
Personal name Sonntag, Richard E.
942 ## - ADDED ENTRY ELEMENTS (KOHA)
Koha item type General Book
Holdings
Date acquired Damaged status Withdrawn status Piece designation (barcode) Source of classification or shelving scheme Koha date last borrowed Koha full call number Koha issues (times borrowed) Copy number Sublocation or collection (holding branch) Price effective from Shelving location Not for loan Lost status Koha normalized classification for sorting Koha date last seen Location (home branch) Koha item type
2015-03-08  68588 2025-05-26536.7/VAN/198521Central Library, BUET2015-03-08Circulation section  536_700000000000000_VAN_19852025-06-23Central Library, BUETGeneral Book
2015-03-10  68590 2023-04-30536.7/VAN/198542Central Library, BUET2015-03-10Circulation section  536_700000000000000_VAN_19852023-05-08Central Library, BUETGeneral Book
2015-03-10  68592 2023-12-02536.7/VAN/198523Central Library, BUET2015-03-10Circulation section  536_700000000000000_VAN_19852023-12-11Central Library, BUETGeneral Book
2015-03-16  68589 2023-12-02536.7/VAN/198524Central Library, BUET2015-03-16Circulation section  536_700000000000000_VAN_19852024-02-18Central Library, BUETGeneral Book